003740000a22001210004500090001700000245007900017041001400096700003100110100004200141942001300183773003900196999001700235 aASbSeriadas10aAbejas Euglosinas de Colombia () I. Claves ilustradas0 aEspañol1 aNates Parra, Guiomar953151 aBonilla Gómez, María Argenis9938 cARTICULO1 tCaldasia345h1q149-172d1992g17 c14381d14381